Представление документа в формате RUSMARC

ПолеНазваниеЗначение
  Тип записи a
  Библиографический уровень m
001 Контрольный номер RU/CBS_UL/BASE/571401975
005 Дата корректировки 20250513140224.0
010 Индекс ISBN __
a ISBN 5-17-008462-5
b Уточнения в пер.
d Цена 20 р. 00 к.
9 Тираж 7000 экз.
100 Данные общей обработки __
a Данные общей обработки 20140814d2014 ||| 0rusy0189 ca
101 Язык документа 0_
a Язык текста rus
102 Страна публикации __
a Страна публикации RU
105 Кодированные данные (монография) __
a Кодированные данные (монография) y###||||000|y
200 Заглавие и сведения об ответственности 1_
a Заглавие Повести. Стихотворения. Публицистика
b Общее обозначение материала Текст
f Первые сведения об ответственности Н. М. Карамзин
210 Выходные данные 1_
a Место издания Москва
c Издательство АСТ
d Дата издания 2004
215 Физическое описание __
a Объем 202, [2] с.
d Формат 20,5 см.
225 Серия 0_
a Серия Школьная хрестоматия
300 Общие примечания __
a Общие примечания 16+
300 Общие примечания __
a Общие примечания Под инв. номером 99031: Ц-2, 6-1, 24-2, 29-2
606 Тематические рубрики 0_
a Основная рубрика Русская литература, 18-19 вв.
610 Ключевые слова 0_
a Ключевые слова литература русская
a Ключевые слова проза
a Ключевые слова повести
a Ключевые слова стихотворения
a Ключевые слова публицистика
686 Индексы других классификаций __
a Классификационный индекс 84(2Рос=Рус)1
2 Код системы ББК
700 Автор _0
a Фамилия Карамзин
b Имя (инициалы) Н. М.
g Полное личное имя Николай Михайлович
801 Источник записи _0
a Страна RU
b Организация МБУК ЦБС г. Ульяновска
c Дата составления 20140814
g Правила каталогизации RCR
801 Источник записи _1
a Страна RU
b Организация МБУК ЦБС г. Ульяновска
c Дата составления 20140814
g Правила каталогизации RCR
899 Данные о местонахождении __
i Авторский знак К 21
j Расстановочный фильтр Р1
900 Электронные ресурсы __
a Имя электронного ресурса карамзин повести
901 Тип документа __
t Тип документа m
910 Корректоры записи __
a Корректор записи Скрипина